Certifikácia ecdl na slovensku a jeho špecifiká v kontexte globalizácie
Vývoj a smer systému ECDL na Slovensku. História ECDL na Slovensku. Prístup k systému ECDL na Slovensku a v susednom Maďarsku. Výmena informácií s predstaviteľmi profesijných informatických spoločností – držiteľmi licencie z týchto krajín.
Salvato in:
| Autore principale: | |
|---|---|
| Natura: | Capitolo di libro |
| Lingua: | slovacco |
| Soggetti: | |
| Tags: |
Nessun Tag, puoi essere il primo ad aggiungerne!!
|
MARC
| LEADER | 00000nla$a2200000$$$4500 | ||
|---|---|---|---|
| 001 | 0099597 | ||
| 005 | 20240702121553.3 | ||
| 041 | 0 | |a slo | |
| 044 | |a SK | ||
| 245 | 1 | 0 | |a Certifikácia ecdl na slovensku a jeho špecifiká v kontexte globalizácie |c Attila Pólya |
| 520 | |a Vývoj a smer systému ECDL na Slovensku. História ECDL na Slovensku. Prístup k systému ECDL na Slovensku a v susednom Maďarsku. Výmena informácií s predstaviteľmi profesijných informatických spoločností – držiteľmi licencie z týchto krajín. | ||
| 610 | 2 | 0 | |a informatika |
| 610 | 2 | 0 | |a výmena informácií |
| 610 | 2 | 0 | |a certifikáty |
| 610 | 2 | 0 | |a informatizácia |
| 610 | 2 | 0 | |a globalizácia |
| 610 | 2 | 0 | |a vzdelávanie celoživotné |
| 100 | 1 | |a Pólya, Attila | |